Les joueurs ayant joués à Paris et à Marseille - Statistiques

Statistiques générales
  • Ce quiz a été pris 216 fois
    212 depuis la dernière actualisation
  • Le résultat moyen est 9 sur 43
Statistiques - réponses
PSG OM Joueur % Correct
2018-2019 2015-2017 Diarra
74%
2001-2004 2009-2011 Heinze
66%
2016-2018 2008-2011 Ben arfa
61%
2002-2005 2005-2009 Cana
53%
2002-2004 2004-2007 Fiorèse
44%
2000-2004 2004-2006 Déhu
38%
1992-1995 2000-2001 Weah
38%
2004-2007 2009-2011 Cissé
35%
1996-2000 2000-2002 Leroy
31%
2007-2015 2000-2002 Camara
29%
2007-2008 2004-2005 Luyindula
29%
2008-2011 1997-1998 Makelele
28%
2003-2006 2006-2009 Mbami
28%
1989-1996 1998-1999 Bravo
22%
2000-2001 1998-2000 Luccin
22%
1992-1998 1989-1990 Roche
22%
2000-2001 1999-2000 Dalmat
21%
2001-2008 1996-1997 Alonzo
20%
1990-1991 1991-1994 Angloma
20%
1991-1993 1988-1991 Germain
20%
1997-1998 1998-2001 Maurice
20%
1991-1996 1997-1999 Colleter
16%
1991-1998 1990-1991 Fournier
16%
1995-1998 2000-2002 N'Gotty
14%
1993-1995 1996-1998 Gravelaine
12%
1999-2002 2009-2011 Abriel
11%
1992-1996 1997-1998 Belmadi
11%
1999-2003 1999-1999 Diawara
11%
2002-2003 2001-2002 Luiz
10%
1992-1995 1999-2001 Pouget
9%
1994-1996 2001-2002 Nouma
8%
1986-1989 1991-1992 Xuereb
7%
1991-1992 1990-1991 Pardo
6%
1986-1987 1987-1988 Ayache
5%
1979-1983 1983-1985 Boubacar
5%
1987-1990 1996-1997 Cauet
5%
1987-1989 1989-1990 Le Roux
5%
1990-1991 1986-1987 Laurey
3%
1975-1977 1968-1972 Tokoto
3%
1975-1986 1986-1988 Brisson
2%
1979-1983 1983-1984 De Falco
2%
1985-1987 1987-1988 Lowitz
2%
1981-1984 1977-1981 N'Gom
2%
Aucun quiz correspondant
Distribution des résultats
% des personnes avec chaque résultat
Percentile par nombre de réponses
Votre historique - résultats
Vous n’avez pas pris ce quiz depuis la dernière actualisation